[Event "Verbandsliga Suedbaden 2223"]
[Site "Germany"]
[Date "2022.10.16"]
[Round "2.1"]
[White "Grandadam, Patrick"]
[Black "Sokolov, Andrei"]
[Result "1/2-1/2"]
[WhiteElo "2312"]
[BlackElo "2461"]
[PlyCount "63"]
[EventDate "2022.09.25"]
[EventType "team-tourn"]
[EventRounds "9"]
[EventCountry "GER"]
[SourceTitle "EXT 2024"]
[Source "ChessBase"]
[SourceDate "2023.10.10"]
[SourceVersion "1"]
[SourceVersionDate "2023.10.10"]
[SourceQuality "1"]
[WhiteTeam "Dreilaendereck"]
[BlackTeam "Emmendingen"]
[WhiteTeamCountry "GER"]
[BlackTeamCountry "GER"]

1. Nf3 Nf6 2. c4 c5 3. d4 cxd4 4. Nxd4 b6 5. Nc3 Bb7 6. f3 e6 7. e4 d6 8. Be2 Be7 9. 0-0 0-0 10. Be3 Nc6 11. a4 Nd7 12. Ncb5 Nxd4 13. Nxd4 Bf6 14. a5 bxa5 15. Nb5 d5 16. cxd5 exd5 17. Nd6 Qc7 18. Nxb7 Qxb7 19. Qxd5 Qxd5 20. exd5 Rfe8 21. Kf2 Rab8 22. Rfb1 Bxb2 23. Rxa5 Bd4 24. Bxd4 Rxb1 25. Bb5 Rd8 26. Bc6 h6 27. g4 Nb6 28. Rc5 Rd1 29. Ke3 a5 30. Ke4 Re1+ 31. Kd3 Rd1+ 32. Ke4 1/2-1/2

[Event "Verbandsliga Suedbaden 2122"]
[Site "Baden"]
[Date "2021.10.31"]
[Round "2.2"]
[White "Milosevic, Goran"]
[Black "Grandadam, Patrick"]
[Result "0-1"]
[WhiteElo "2288"]
[BlackElo "2312"]
[PlyCount "37"]
[EventDate "2021.10.10"]
[EventType "team-tourn"]
[EventRounds "9"]
[EventCountry "GER"]
[SourceTitle "EXT 2023"]
[Source "ChessBase"]
[SourceDate "2022.10.05"]
[SourceVersion "1"]
[SourceVersionDate "2022.10.05"]
[SourceQuality "1"]
[WhiteTeam "Dreisamtal"]
[BlackTeam "Dreilaendereck"]
[WhiteTeamCountry "GER"]
[BlackTeamCountry "GER"]

1. e4 c5 2. Nf3 e6 3. Nc3 Nc6 4. d4 cxd4 5. Nxd4 Qc7 6. g3 a6 7. Bg2 Nf6 8. 0-0 h5 9. Nxc6 dxc6 10. e5 Qxe5 11. Bf4 Qa5 12. Re1 Be7 13. Re5 Qb6 14. Na4 Qd8 15. Qe2 Nd5 16. Rd1 Qa5 17. Bxd5 cxd5 18. Nc3 0-0 19. Rxh5 0-1

[Event "Oberliga Baden 1920"]
[Site "Baden"]
[Date "2020.03.01"]
[Round "7.1"]
[White "Libiszewski, Fabien"]
[Black "Grandadam, Patrick"]
[Result "1/2-1/2"]
[WhiteElo "2521"]
[BlackElo "2325"]
[PlyCount "75"]
[EventDate "2019.09.29"]
[EventType "team-tourn"]
[EventRounds "9"]
[EventCountry "GER"]
[SourceTitle "CBM 195 Extra"]
[Source "ChessBase"]
[SourceDate "2020.05.31"]
[SourceVersion "1"]
[SourceVersionDate "2020.05.31"]
[SourceQuality "1"]
[WhiteTeam "Viernheim II"]
[BlackTeam "Dreilaendereck"]
[WhiteTeamCountry "GER"]
[BlackTeamCountry "GER"]

1. e4 c5 2. Nf3 e6 3. d4 cxd4 4. Nxd4 Nc6 5. Nc3 Qc7 6. f4 a6 7. Nxc6 Qxc6 8. Be2 d6 9. Bf3 Qc7 10. Be3 Bd7 11. Qd2 Nf6 12. 0-0-0 Bc6 13. g4 Be7 14. g5 Nd7 15. h4 b5 16. Kb1 Rc8 17. Ne2 Qb7 18. Ng3 f5 19. Qg2 0-0 20. Rhf1 fxe4 21. Nxe4 Bxe4 22. Bxe4 d5 23. Rxd5 Qc7 24. Rd2 Bc5 25. Qh3 Kh8 26. h5 Nb6 27. Bxc5 Qxc5 28. h6 g6 29. Bd3 Nd5 30. Qxe6 Rce8 31. Qxa6 Qb4 32. Qb7 Nc3+ 33. Kc1 Nxa2+ 34. Kd1 Nc3+ 35. Kc1 Na2+ 36. Kd1 Nc3+ 37. Kc1 Na2+ 38. Kd1 1/2-1/2

[Event "Oberliga Baden 1920"]
[Site "Baden"]
[Date "2019.11.17"]
[Round "3.1"]
[White "Grandadam, Patrick"]
[Black "Rosner, Jonas"]
[Result "0-1"]
[WhiteElo "2325"]
[BlackElo "2417"]
[PlyCount "110"]
[EventDate "2019.09.29"]
[EventType "team-tourn"]
[EventRounds "9"]
[EventCountry "GER"]
[SourceTitle "CBM 195 Extra"]
[Source "ChessBase"]
[SourceDate "2020.05.31"]
[SourceVersion "1"]
[SourceVersionDate "2020.05.31"]
[SourceQuality "1"]
[WhiteTeam "Dreilaendereck"]
[BlackTeam "Ettlingen"]
[WhiteTeamCountry "GER"]
[BlackTeamCountry "GER"]

1. b3 e5 2. Bb2 Nc6 3. e3 Nf6 4. Bb5 Bd6 5. Na3 Na5 6. Nc4 Nxc4 7. Bxc4 0-0 8. d4 exd4 9. Qxd4 Bb4+ 10. c3 Be7 11. Rd1 c6 12. e4 Re8 13. Ne2 Qb6 14. e5 Bc5 15. Qf4 d5 16. exf6 dxc4 17. b4 Bxf2+ 18. Qxf2 Bg4 19. Rd2 Rad8 20. Rxd8 Qxd8 21. 0-0 Bxe2 22. Re1 gxf6 23. Qd4 Qxd4+ 24. cxd4 Re6 25. Kf2 Bd3 26. Rxe6 fxe6 27. Ke3 Kf7 28. g3 Ke7 29. a4 Kd6 30. a5 Kc7 31. Bc3 b6 32. Kd2 Kb7 33. Kc1 Ka6 34. axb6 axb6 35. Kb2 Kb5 36. Kc1 Ka4 37. Kb2 Kb5 38. Ka3 Bf5 39. Ba1 h5 40. Bc3 Bg6 41. h4 Bd3 42. Kb2 e5 43. dxe5 fxe5 44. Ka3 e4 45. Bd4 Be2 46. Be3 Bg4 47. Bf2 Be6 48. Bd4 c3 49. Bxc3 Kc4 50. Kb2 Kd3 51. Be5 e3 52. g4 e2 53. Bc3 Bxg4 54. Be1 Ke3 55. Kc3 Kf3 0-1

[Event "Oberliga Baden 1920"]
[Site "Baden"]
[Date "2019.10.20"]
[Round "2.1"]
[White "Galyas, Miklos"]
[Black "Grandadam, Patrick"]
[Result "1-0"]
[WhiteElo "2474"]
[BlackElo "2325"]
[PlyCount "93"]
[EventDate "2019.09.29"]
[EventType "team-tourn"]
[EventRounds "9"]
[EventCountry "GER"]
[SourceTitle "CBM 195 Extra"]
[Source "ChessBase"]
[SourceDate "2020.05.31"]
[SourceVersion "1"]
[SourceVersionDate "2020.05.31"]
[SourceQuality "1"]
[WhiteTeam "Buchen"]
[BlackTeam "Dreilaendereck"]
[WhiteTeamCountry "GER"]
[BlackTeamCountry "GER"]

1. c4 e6 2. g3 d5 3. Bg2 Nf6 4. Nf3 dxc4 5. 0-0 a6 6. Qc2 Nbd7 7. a4 a5 8. Na3 Nb6 9. Nxc4 Nxc4 10. Qxc4 Bd6 11. e4 Bb4 12. Qc2 0-0 13. d4 h6 14. Bf4 c6 15. Rfd1 Qe7 16. Ne5 Rd8 17. Nd3 Bd7 18. Nxb4 Qxb4 19. Bd2 Qe7 20. Bc3 Be8 21. Re1 c5 22. d5 e5 23. f4 Nd7 24. Bh3 f6 25. Rad1 Qd6 26. Rf1 Bf7 27. Qe2 b6 28. Bf5 Re8 29. Rf2 Re7 30. Rdf1 Rae8 31. Qg4 Rd8 32. Rd2 Kh8 33. Qh4 Kg8 34. Rdf2 Rde8 35. Qh3 Rd8 36. Rd2 Kh8 37. Rdf2 Kg8 38. Bd2 Nf8 39. fxe5 fxe5 40. Qh4 Rde8 41. Qg4 Rd8 42. Qh3 Be8 43. b3 Bd7 44. g4 Nh7 45. Bxh7+ Kxh7 46. Bg5 Bxg4 47. Qh4 1-0

[Event "Oberliga Baden 1920"]
[Site "Baden"]
[Date "2019.09.29"]
[Round "1.1"]
[White "Grandadam, Patrick"]
[Black "Milov, Vadim"]
[Result "0-1"]
[WhiteElo "2325"]
[BlackElo "2598"]
[PlyCount "56"]
[EventDate "2019.09.29"]
[EventType "team-tourn"]
[EventRounds "9"]
[EventCountry "GER"]
[SourceTitle "CBM 195 Extra"]
[Source "ChessBase"]
[SourceDate "2020.05.31"]
[SourceVersion "1"]
[SourceVersionDate "2020.05.31"]
[SourceQuality "1"]
[WhiteTeam "Dreilaendereck"]
[BlackTeam "Baden-Baden III"]
[WhiteTeamCountry "GER"]
[BlackTeamCountry "GER"]

1. Nf3 g6 2. c4 Bg7 3. d4 c5 4. e4 Nc6 5. d5 Nd4 6. Nxd4 cxd4 7. h4 h5 8. Nd2 d6 9. Qa4+ Bd7 10. Qa3 Nf6 11. Be2 0-0 12. 0-0 Qb6 13. Qd3 e5 14. b4 Qxb4 15. Rb1 Qa5 16. Rxb7 Rab8 17. Rxb8 Rxb8 18. Ba3 Bh6 19. Bxd6 Rb2 20. Nb1 Qxa2 21. Bxe5 Rxe2 22. Bxf6 Be3 23. Qa3 Bxf2+ 24. Kh1 Qxa3 25. Nxa3 d3 26. Rb1 Rxe4 27. Rb8+ Be8 28. Nb1 Bg3 0-1

[Event "Oberliga Baden 1819"]
[Site "Baden"]
[Date "2019.03.24"]
[Round "8.4"]
[White "Grandadam, Patrick"]
[Black "Sieglen, Joachim"]
[Result "1/2-1/2"]
[WhiteElo "2306"]
[BlackElo "2208"]
[PlyCount "101"]
[EventDate "2018.10.21"]
[EventType "team-tourn"]
[EventRounds "9"]
[EventCountry "GER"]
[SourceTitle "EXT 2020"]
[Source "ChessBase"]
[SourceDate "2019.10.17"]
[SourceVersion "1"]
[SourceVersionDate "2019.10.17"]
[SourceQuality "1"]
[WhiteTeam "Dreilaendereck"]
[BlackTeam "Untergrombach"]
[WhiteTeamCountry "GER"]
[BlackTeamCountry "GER"]

1. b3 e5 2. Bb2 d6 3. c4 g6 4. d4 Nd7 5. Nf3 Bg7 6. Nc3 Ngf6 7. e3 0-0 8. Be2 Re8 9. 0-0 exd4 10. Nxd4 a5 11. Qc2 Nc5 12. Rad1 c6 13. h3 Qb6 14. Ba3 Nfe4 15. Nxe4 Nxe4 16. Bf3 Ng5 17. Be2 Ne4 18. Nf3 d5 19. Bb2 Bxb2 20. Qxb2 dxc4 21. Bxc4 Be6 22. Bxe6 Rxe6 23. Rd7 Nf6 24. Rd4 c5 25. Rf4 Ne4 26. g4 Rae8 27. Rd1 Rd6 28. Rc1 Qd8 29. Ne5 Rd2 30. Qa1 Ng5 31. Kg2 Qd5+ 32. Nf3 Nxf3 33. Rxf3 Rxe3 34. Qf6 Rxf3 35. Qxf3 Qxf3+ 36. Kxf3 b6 37. Ra1 Kf8 38. Ke3 Rd4 39. f3 Ke7 40. Rh1 Kd7 41. h4 a4 42. bxa4 Rxa4 43. Rh2 Kc6 44. h5 b5 45. hxg6 hxg6 46. Rh7 Ra7 47. Rh2 b4 48. Ke4 c4 49. Kd4 Kb5 50. Rh8 Rd7+ 51. Ke3 1/2-1/2

[Event "Oberliga Baden 1819"]
[Site "Baden"]
[Date "2019.01.20"]
[Round "5.3"]
[White "Grandadam, Patrick"]
[Black "Ruff, Maximilian"]
[Result "1-0"]
[WhiteElo "2306"]
[BlackElo "2285"]
[PlyCount "69"]
[EventDate "2018.10.21"]
[EventType "team-tourn"]
[EventRounds "9"]
[EventCountry "GER"]
[SourceTitle "EXT 2020"]
[Source "ChessBase"]
[SourceDate "2019.10.17"]
[SourceVersion "1"]
[SourceVersionDate "2019.10.17"]
[SourceQuality "1"]
[WhiteTeam "Dreilaendereck"]
[BlackTeam "Sasbach"]
[WhiteTeamCountry "GER"]
[BlackTeamCountry "GER"]

1. Nf3 d5 2. e3 Nf6 3. b3 e6 4. Bb2 Be7 5. c4 0-0 6. Nc3 c5 7. cxd5 Nxd5 8. Be2 Nxc3 9. Bxc3 Nc6 10. Qc2 b6 11. h4 Bf6 12. Ng5 g6 13. Ne4 Bxc3 14. Qxc3 f5 15. Ng5 Qf6 16. f4 h6 17. Nf3 Bb7 18. h5 gxh5 19. Rxh5 Qxc3 20. dxc3 Kg7 21. Kf2 Rad8 22. g4 fxg4 23. Rg1 Rf6 24. Ke1 Kg6 25. Rxg4+ Kf7 26. Bb5 Kf8 27. Rh3 a6 28. Bxc6 Bxc6 29. Ne5 Be8 30. Rhg3 Bf7 31. Rg7 b5 32. Rh7 Rd6 33. Rh8+ Ke7 34. Rg7 a5 35. Rhh7 1-0

[Event "Oberliga Baden 1718"]
[Site "Baden"]
[Date "2018.02.04"]
[Round "6.3"]
[White "Haag, Gregor"]
[Black "Grandadam, Patrick"]
[Result "1-0"]
[WhiteElo "2264"]
[BlackElo "2305"]
[PlyCount "129"]
[EventDate "2017.10.08"]
[EventType "team-tourn"]
[EventRounds "9"]
[EventCountry "GER"]
[SourceTitle "EXT 2019"]
[Source "ChessBase"]
[SourceDate "2018.10.10"]
[SourceVersion "1"]
[SourceVersionDate "2018.10.10"]
[SourceQuality "1"]
[WhiteTeam "Brombach"]
[BlackTeam "Dreilaendereck"]
[WhiteTeamCountry "GER"]
[BlackTeamCountry "GER"]

1. d4 c5 2. d5 g6 3. c4 Bg7 4. e4 d6 5. Nc3 Nf6 6. Be2 0-0 7. Nf3 a6 8. 0-0 Bg4 9. Ne1 Bxe2 10. Qxe2 Re8 11. Bg5 h6 12. Bh4 e6 13. dxe6 Rxe6 14. Rd1 Nc6 15. Nc2 Qa5 16. f3 Nd4 17. Nxd4 cxd4 18. Rxd4 Qb6 19. Bf2 Ng4 20. Nd5 Nxf2 21. Rd2 Nh3+ 22. Kh1 Qd8 23. gxh3 Rc8 24. b3 Qh4 25. Qg2 b5 26. cxb5 axb5 27. a4 bxa4 28. bxa4 Qd8 29. Ra2 Qa5 30. Qd2 Qa6 31. Qe2 Qa5 32. Qd2 Qa6 33. Qe2 Qa5 34. Qb5 Rc5 35. Qxa5 Rxa5 36. Rb1 Bd4 37. Rb5 Ra7 38. a5 f5 39. Nf4 Re5 40. Rb8+ Kf7 41. Ne2 Be3 42. Rb3 f4 43. a6 Rc5 44. h4 g5 45. Kg2 Rc6 46. Rba3 Kg6 47. Nc3 Kh5 48. Kh3 Raxa6 49. Rxa6 Rxc3 50. hxg5 hxg5 51. R6a3 Rc1 52. Ra8 Rf1 53. Kg2 Rg1+ 54. Kh3 Rf1 55. Rh8+ Kg6 56. Rg8+ Kh5 57. Rh8+ Kg6 58. Rg2 Rxf3+ 59. Kg4 Rf1 60. Rg8+ Kh7 61. Rxg5 f3 62. Rh5+ Kg6 63. Rg3 Bf4 64. Rxf3 Rg1+ 65. Kxf4 1-0

[Event "Oberliga Baden 1718"]
[Site "Baden"]
[Date "2017.10.08"]
[Round "1.3"]
[White "Bodrozic, Tomislav"]
[Black "Grandadam, Patrick"]
[Result "1/2-1/2"]
[WhiteElo "2365"]
[BlackElo "2306"]
[PlyCount "145"]
[EventDate "2017.10.08"]
[EventType "team-tourn"]
[EventRounds "9"]
[EventCountry "GER"]
[SourceTitle "EXT 2019"]
[Source "ChessBase"]
[SourceDate "2018.10.10"]
[SourceVersion "1"]
[SourceVersionDate "2018.10.10"]
[SourceQuality "1"]
[WhiteTeam "Hockenheim II"]
[BlackTeam "Dreilaendereck"]
[WhiteTeamCountry "GER"]
[BlackTeamCountry "GER"]

1. e4 d6 2. d4 g6 3. Nc3 Bg7 4. f4 a6 5. Nf3 b5 6. Bd3 Bb7 7. 0-0 Nd7 8. a4 b4 9. Ne2 c5 10. c3 Rc8 11. Ng3 cxd4 12. cxd4 Qb6 13. Be3 Ngf6 14. h3 a5 15. Qe2 d5 16. e5 Ne4 17. Kh2 e6 18. Nd2 Nxd2 19. Bxd2 Nb8 20. Bb5+ Bc6 21. Rfc1 0-0 22. Be3 Bb7 23. Nf1 Rxc1 24. Rxc1 Rc8 25. Rxc8+ Bxc8 26. Nd2 Bf8 27. Nb3 Qc7 28. Qf1 Qc2 29. Nxa5 Qxb2 30. Qc1 Qxc1 31. Bxc1 Bd7 32. Kg3 f5 33. Kf3 Kf7 34. Ke3 Ke8 35. Kd3 Kd8 36. Nb3 Kc7 37. Bxd7 Nxd7 38. Bd2 Kc6 39. Na5+ Kb6 40. Nb3 Kc6 41. Kc2 Nb6 42. Na5+ Kc7 43. Kb3 Nd7 44. g3 Nb8 45. Bxb4 Kb6 46. Bc3 Be7 47. Kb2 Ka6 48. Nb3 Nd7 49. Nc1 Nb8 50. Kb3 Nc6 51. Nd3 Kb6 52. Kc2 Ka6 53. Kb3 Kb6 54. Ne1 Ka6 55. Nf3 Kb6 56. Bb2 Na5+ 57. Kc2 Nc6 58. Bc3 Ka6 59. Be1 Kb6 60. Kd3 Ka6 61. g4 Kb6 62. Bh4 Ba3 63. Bf6 Bc1 64. Ng5 fxg4 65. hxg4 Bxf4 66. Nxe6 Bg3 67. Nf8 h5 68. Nxg6 hxg4 69. Bh4 Bh2 70. e6 Kc7 71. e7 Kd7 72. Ke3 Bg1+ 73. Bf2 1/2-1/2

[Event "Wch U20 55th"]
[Site "Bhubaneswar"]
[Date "2016.08.13"]
[Round "6"]
[White "Grandadam, Patrick"]
[Black "Bersamina, Paulo"]
[Result "1/2-1/2"]
[WhiteElo "2325"]
[BlackElo "2402"]
[PlyCount "56"]
[EventDate "2016.08.08"]
[EventType "swiss"]
[EventRounds "13"]
[EventCountry "IND"]
[SourceTitle "CBM 173 Extra"]
[Source "ChessBase"]
[SourceDate "2016.08.29"]
[SourceVersion "1"]
[SourceVersionDate "2016.08.29"]
[SourceQuality "1"]

1. d4 Nf6 2. c4 e6 3. Nc3 Bb4 4. f3 c5 5. d5 0-0 6. e4 d6 7. Nge2 b5 8. Nf4 exd5 9. Nfxd5 Nxd5 10. Qxd5 Qb6 11. Bf4 Rd8 12. Bg5 Re8 13. Rd1 Bb7 14. Qxd6 Nc6 15. cxb5 c4 16. Qd2 Ne5 17. Be3 Qg6 18. Bf4 Nxf3+ 19. gxf3 Bxe4 20. fxe4 Bxc3 21. bxc3 Qxe4+ 22. Kf2 Rad8 23. Qxd8 Qxf4+ 24. Kg2 Qg4+ 25. Kf2 Qf4+ 26. Kg2 Qg4+ 27. Kf2 Qf4+ 28. Kg2 Qg4+ 1/2-1/2

[Event "Verbandsliga Suedbaden 1516"]
[Site "Baden"]
[Date "2016.04.17"]
[Round "9.2"]
[White "Grandadam, Patrick"]
[Black "Dobschat, Benjamin"]
[Result "1-0"]
[WhiteElo "2349"]
[BlackElo "2092"]
[PlyCount "77"]
[EventDate "2015.09.27"]
[EventType "team-tourn"]
[EventRounds "9"]
[EventCountry "GER"]
[SourceTitle "EXT 2022"]
[Source "ChessBase"]
[SourceDate "2021.10.06"]
[SourceVersion "1"]
[SourceVersionDate "2021.10.06"]
[SourceQuality "1"]
[WhiteTeam "Dreilaendereck"]
[BlackTeam "Offenburg"]
[WhiteTeamCountry "GER"]
[BlackTeamCountry "GER"]

1. Nf3 d5 2. d4 Nf6 3. c4 c6 4. Nc3 dxc4 5. a4 Bf5 6. Nh4 e6 7. Nxf5 exf5 8. e3 g6 9. Bxc4 Bg7 10. Qb3 Qc7 11. Qa3 Nbd7 12. a5 Ne4 13. Nxe4 fxe4 14. Bd2 Nf6 15. Rc1 Qd7 16. 0-0 Bf8 17. Qb3 Bd6 18. f4 0-0 19. Bc3 Be7 20. f5 g5 21. Qd1 Rad8 22. Qe1 Qd6 23. Qe2 Nd5 24. f6 Nxf6 25. Rf5 Nd5 26. Rcf1 Qg6 27. Bd2 h5 28. Ba2 Kg7 29. g4 hxg4 30. Qxg4 f6 31. Bb1 Rh8 32. Bxe4 Rh4 33. Qf3 Qh6 34. Rf2 Rh8 35. a6 bxa6 36. Bxd5 cxd5 37. Qg3 Qh5 38. Rg2 Bd6 39. Qxd6 1-0

[Event "SUI-chT"]
[Site "Switzerland"]
[Date "2016.03.20"]
[Round "1.8"]
[White "Muheim, Markus"]
[Black "Grandadam, Patrick"]
[Result "0-1"]
[WhiteElo "2041"]
[BlackElo "2323"]
[PlyCount "138"]
[EventDate "2016.03.20"]
[EventType "team-tourn"]
[EventRounds "9"]
[EventCountry "SUI"]
[SourceTitle "CBM 171 Extra"]
[Source "ChessBase"]
[SourceDate "2016.04.26"]
[SourceVersion "1"]
[SourceVersionDate "2016.04.26"]
[SourceQuality "1"]
[WhiteTeam "Solothurn"]
[BlackTeam "Riehen"]
[WhiteTeamCountry "SUI"]
[BlackTeamCountry "SUI"]

1. d4 d5 2. Nf3 e6 3. e3 Nf6 4. Bd3 c5 5. b3 Nc6 6. Bb2 b6 7. 0-0 Be7 8. Nbd2 0-0 9. Ne5 Bb7 10. f4 cxd4 11. exd4 Nb4 12. Be2 Qc7 13. c3 Nc6 14. Bd3 Ne8 15. Qe2 g6 16. Rae1 Nd6 17. Rf3 Rfe8 18. Nxc6 Bxc6 19. Re3 Bf8 20. Nf3 Bb7 21. Ne5 Bg7 22. Qg4 f6 23. Nf3 Ne4 24. Bxe4 dxe4 25. Nd2 f5 26. Qh4 Ba6 27. Rh3 h6 28. Qf2 Qd6 29. Nf1 Rf8 30. Ne3 g5 31. fxg5 hxg5 32. Nc2 Rf6 33. c4 Bb7 34. Qg3 Qxg3 35. Rxg3 Rg6 36. h4 g4 37. Bc1 Bf6 38. h5 Bh4 39. hxg6 Bxg3 40. Rd1 Kg7 41. d5 Rd8 42. Nd4 Bc8 43. Bg5 Re8 44. Ne2 Bd6 45. Be3 e5 46. g3 Rf8 47. Rf1 Kxg6 48. Kg2 Rh8 49. Bc1 Bd7 50. a4 a6 51. Be3 Bc5 52. Bd2 Rc8 53. Rh1 Bf8 54. Be3 b5 55. axb5 axb5 56. Rc1 Ba3 57. Ra1 Bc5 58. Ra6+ Kf7 59. Bxc5 Rxc5 60. Ra5 Rc7 61. cxb5 Rc5 62. Ra7 Rxd5 63. b6 Ke6 64. Nc3 Rd2+ 65. Kf1 Rb2 66. Ra3 Bc6 67. Nd1 Rb1 68. Ke2 f4 69. gxf4 exf4 0-1

[Event "Verbandsliga Suedbaden 1516"]
[Site "Baden"]
[Date "2016.02.14"]
[Round "6.4"]
[White "Klumpp, Jochen"]
[Black "Grandadam, Patrick"]
[Result "0-1"]
[WhiteElo "2113"]
[BlackElo "2349"]
[PlyCount "48"]
[EventDate "2015.09.27"]
[EventType "team-tourn"]
[EventRounds "9"]
[EventCountry "GER"]
[SourceTitle "EXT 2022"]
[Source "ChessBase"]
[SourceDate "2021.10.06"]
[SourceVersion "1"]
[SourceVersionDate "2021.10.06"]
[SourceQuality "1"]
[WhiteTeam "Kuppenheim"]
[BlackTeam "Dreilaendereck"]
[WhiteTeamCountry "GER"]
[BlackTeamCountry "GER"]

1. c4 e6 2. Nf3 d5 3. g3 dxc4 4. Qa4+ Nd7 5. Bg2 Ngf6 6. 0-0 c5 7. Qxc4 b6 8. d4 Bb7 9. Nc3 Rc8 10. Rd1 a6 11. Qd3 cxd4 12. Nxd4 Nc5 13. Qe3 Qc7 14. Bxb7 Qxb7 15. b4 Ncd7 16. a3 Be7 17. Bb2 0-0 18. Rac1 b5 19. Qf3 Qb6 20. Qe3 Qb7 21. Qf3 Qb6 22. Qe3 Ng4 23. Qe4 Ndf6 24. Qb1 e5 0-1

[Event "SUI-ch op"]
[Site "Leukerbad"]
[Date "2015.07.17"]
[Round "9"]
[White "Filipovic, Branko"]
[Black "Grandadam, Patrick"]
[Result "0-1"]
[WhiteElo "2358"]
[BlackElo "2329"]
[PlyCount "58"]
[EventDate "2015.07.09"]
[EventType "swiss"]
[EventRounds "9"]
[EventCountry "SUI"]
[SourceTitle "EXT 2019"]
[Source "ChessBase"]
[SourceDate "2018.10.10"]
[SourceVersion "1"]
[SourceVersionDate "2018.10.10"]
[SourceQuality "1"]

1. b3 d5 2. Bb2 Bg4 3. h3 Bh5 4. d3 Nd7 5. g4 Bg6 6. f4 e6 7. Nf3 c6 8. Bg2 Qc7 9. e3 f6 10. Nbd2 Bd6 11. Qe2 Ne7 12. 0-0-0 a5 13. a4 Bf7 14. Nd4 0-0 15. Rdg1 e5 16. fxe5 fxe5 17. Nf5 Nxf5 18. gxf5 Nf6 19. Bf3 Kh8 20. Qg2 Rg8 21. Bd1 b5 22. Nf3 bxa4 23. bxa4 Rab8 24. Bc3 d4 25. exd4 exd4 26. Nxd4 Bf4+ 27. Bd2 Qd6 28. Nb3 Qa3+ 29. Kb1 Be5 0-1

[Event "Verbandsliga Suedbaden 1415"]
[Site "Baden"]
[Date "2014.12.14"]
[Round "4.3"]
[White "Grandadam, Patrick"]
[Black "Marentini, Marcel"]
[Result "1-0"]
[WhiteElo "2291"]
[BlackElo "2072"]
[PlyCount "83"]
[EventDate "2014.10.12"]
[EventType "team-tourn"]
[EventRounds "9"]
[EventCountry "GER"]
[SourceTitle "EXT 2022"]
[Source "ChessBase"]
[SourceDate "2021.10.06"]
[SourceVersion "1"]
[SourceVersionDate "2021.10.06"]
[SourceQuality "1"]
[WhiteTeam "Dreilaendereck"]
[BlackTeam "Konstanz"]
[WhiteTeamCountry "GER"]
[BlackTeamCountry "GER"]

1. b3 e5 2. Bb2 d6 3. e3 Nf6 4. d4 Nbd7 5. Nf3 e4 6. Nfd2 d5 7. c4 c6 8. Nc3 Bb4 9. a3 Bxc3 10. Bxc3 0-0 11. Be2 Re8 12. 0-0 Nf8 13. b4 dxc4 14. Nxc4 Nd5 15. Bd2 Ng6 16. Rc1 Nh4 17. g3 Ng6 18. a4 Bh3 19. Re1 Qf6 20. Bg4 Bxg4 21. Qxg4 Re6 22. b5 Qe7 23. Qf5 Rd8 24. bxc6 bxc6 25. Na5 Qc7 26. Rc5 Nge7 27. Qg4 f5 28. Qe2 Rb8 29. Rec1 Qd7 30. Nc4 Ng6 31. Qh5 Rf8 32. Na5 Nge7 33. Rb1 Nb6 34. Qd1 h5 35. h4 Qe8 36. Qb3 Qf7 37. Nc4 Nxc4 38. Qxc4 Rg6 39. Qxf7+ Rxf7 40. Rb8+ Kh7 41. Rb7 a6 42. Re5 1-0

[Event "Verbandsliga Suedbaden 1415"]
[Site "Baden"]
[Date "2014.11.02"]
[Round "2.3"]
[White "Grandadam, Patrick"]
[Black "Riehle, Marco"]
[Result "1-0"]
[WhiteElo "2291"]
[BlackElo "1950"]
[PlyCount "103"]
[EventDate "2014.10.12"]
[EventType "team-tourn"]
[EventRounds "9"]
[EventCountry "GER"]
[SourceTitle "EXT 2022"]
[Source "ChessBase"]
[SourceDate "2021.10.06"]
[SourceVersion "1"]
[SourceVersionDate "2021.10.06"]
[SourceQuality "1"]
[WhiteTeam "Dreilaendereck"]
[BlackTeam "Sasbach"]
[WhiteTeamCountry "GER"]
[BlackTeamCountry "GER"]

1. Nf3 Nf6 2. b3 c5 3. Bb2 Nc6 4. e3 a6 5. Be2 e6 6. 0-0 Be7 7. c4 0-0 8. Nc3 b6 9. d4 d5 10. dxc5 bxc5 11. cxd5 exd5 12. Rc1 Bb7 13. Na4 Ne4 14. Nd2 Qa5 15. Nxe4 dxe4 16. Qd7 Rab8 17. Bc3 Qd8 18. Qg4 g6 19. Rfd1 Qc8 20. Qxe4 Nd4 21. Qg4 h5 22. Qxc8 Nxe2+ 23. Kf1 Rfxc8 24. Kxe2 Bxg2 25. Be5 Rb5 26. Bd6 Kf8 27. Nc3 Rb6 28. Bxe7+ Kxe7 29. f3 Rbc6 30. Nd5+ Ke8 31. Nf4 Bxf3+ 32. Kxf3 c4 33. bxc4 Rxc4 34. Rxc4 Rxc4 35. Rd6 Ra4 36. Rd2 Ke7 37. Nd5+ Ke6 38. Nc7+ Ke7 39. Nd5+ Ke6 40. Nc3 Ra3 41. Rd3 Ke5 42. Rd5+ Ke6 43. Rc5 Kd6 44. Rc4 Ra5 45. Ra4 Rf5+ 46. Rf4 Ra5 47. Rxf7 Ra3 48. Rf6+ Ke5 49. Rc6 g5 50. Ke2 Kf5 51. Kd3 Kg4 52. Rc5 1-0

[Event "Verbandsliga Suedbaden 1415"]
[Site "Baden"]
[Date "2014.10.12"]
[Round "1.3"]
[White "Dobschat, Benjamin"]
[Black "Grandadam, Patrick"]
[Result "0-1"]
[WhiteElo "2092"]
[BlackElo "2291"]
[PlyCount "70"]
[EventDate "2014.10.12"]
[EventType "team-tourn"]
[EventRounds "9"]
[EventCountry "GER"]
[SourceTitle "EXT 2022"]
[Source "ChessBase"]
[SourceDate "2021.10.06"]
[SourceVersion "1"]
[SourceVersionDate "2021.10.06"]
[SourceQuality "1"]
[WhiteTeam "Offenburg"]
[BlackTeam "Dreilaendereck"]
[WhiteTeamCountry "GER"]
[BlackTeamCountry "GER"]

1. e4 c5 2. Nf3 e6 3. d4 cxd4 4. Nxd4 Nc6 5. Nc3 Qc7 6. a3 Nf6 7. Nb3 a6 8. Bd3 b5 9. 0-0 Bb7 10. Qe2 Be7 11. f4 d6 12. Bd2 Nd7 13. Kh1 Nc5 14. Qf2 0-0 15. Rae1 b4 16. Nb1 a5 17. Nxc5 dxc5 18. Be3 Nb8 19. Nd2 Nd7 20. Nc4 Nf6 21. Bc1 Rad8 22. e5 Ng4 23. Qg3 Nh6 24. Qh3 Nf5 25. Bxf5 exf5 26. Qxf5 bxa3 27. Nxa3 c4 28. Qh3 Bb4 29. Re3 Rd5 30. Nb1 Re8 31. c3 Bc5 32. Ree1 Rd3 33. Qg4 Qc6 34. f5 h5 35. Qg5 h4 0-1

[Event "Biel MTO op 47th"]
[Site "Biel"]
[Date "2014.07.23"]
[Round "9"]
[White "Vokarev, Sergey"]
[Black "Grandadam, Patrick"]
[Result "1/2-1/2"]
[WhiteElo "2432"]
[BlackElo "2243"]
[PlyCount "82"]
[EventDate "2014.07.14"]
[EventType "swiss"]
[EventRounds "11"]
[EventCountry "SUI"]
[SourceTitle "CBM 161 Extra"]
[Source "ChessBase"]
[SourceDate "2014.08.29"]
[SourceVersion "1"]
[SourceVersionDate "2014.08.29"]
[SourceQuality "1"]

1. e4 c5 2. Nf3 e6 3. c4 Nc6 4. Nc3 Nf6 5. Be2 d5 6. exd5 exd5 7. d4 Be6 8. cxd5 Nxd5 9. 0-0 Be7 10. dxc5 Nxc3 11. bxc3 Qxd1 12. Rxd1 Bxc5 13. Ng5 Rd8 14. Nxe6 Rxd1+ 15. Bxd1 fxe6 16. Bf4 Rf8 17. Bg3 Ke7 18. Bf3 Nd8 19. Rd1 g5 20. h3 b6 21. Kf1 Nf7 22. Be4 h6 23. f3 Nd6 24. Re1 Nxe4 25. Rxe4 Bd6 26. Bf2 Rf4 27. Rxf4 Bxf4 28. g4 Be5 29. c4 Kd6 30. Ke2 Kc6 31. Kd3 a6 32. Ke4 Bf6 33. a4 b5 34. cxb5+ axb5 35. a5 b4 36. a6 b3 37. Kd3 Bg7 38. Be3 Kc7 39. Kd2 Kc6 40. Kd3 Kc7 41. Bf2 Kc6 1/2-1/2